[Event "TUR-chT2"]
[Site "Konya"]
[Date "2018.07.14"]
[Round "8.24"]
[White "Danisman, Ali Berkay"]
[Black "Babaoglu, Cumhur"]
[Result "1/2-1/2"]
[WhiteElo "1483"]
[BlackElo "2051"]
[PlyCount "36"]
[EventDate "2018.07.10"]
[EventType "team-swiss"]
[EventRounds "9"]
[EventCountry "TUR"]
[SourceTitle "EXT 2019"]
[Source "ChessBase"]
[SourceDate "2018.10.10"]
[SourceVersion "1"]
[SourceVersionDate "2018.10.10"]
[SourceQuality "1"]
[WhiteTeam "Karaman Duru Bulgur"]
[BlackTeam "Osmaneli Belediye"]
[WhiteTeamCountry "TUR"]
[BlackTeamCountry "TUR"]

1. d4 Nf6 2. Nf3 g6 3. Nc3 d5 4. Bf4 c6 5. e3 Bg7 6. Be2 Nbd7 7. h4 h5 8. Ne5 Ne4 9. Nxe4 dxe4 10. c3 Nxe5 11. dxe5 Qa5 12. Qd4 Be6 13. 0-0 Rd8 14. Qxe4 Rd7 15. b4 Qa3 16. Bc4 Bd5 17. Bxd5 cxd5 18. Qd4 0-0 1/2-1/2